Responses for Show #7342 - Tuesday, July 12, 2016

Contestants

[<< previous game]

Jessica Plagens, a graphic designer from St. Paul, Minnesota

Amy Ware, a registered nurse from South Deerfield, Massachusetts

Jason George, a management consultant originally from Philadelphia, Pennsylvania (whose 1-day cash winnings total $18,401)

[next game >>]

Jeopardy! Round responses

PICTURES THE WORD
(Alex: We'll show you two pictures, you give us the word that those two pictures signify.)
HOW INVENTIVE!
THE NOBEL PEACE PRIZE
SIGNATURE SONGS
OF BOOKS & BOATS
HAMBURGER JOINTS
(Alex: We'll give you a burger, you tell us which fast food company produces that burger.)
    $200 2
a dolphin

Amy
    $200 21
the zipper

Jason
    $200 23
Mother Teresa

Jessica
    $200 5
"Margaritaville"

Jessica
    $200 17
Jason

Jason
    $200 11
McDonald's

Amy
    $400 3
a bandleader

Amy
    $400 20
a kaleidoscope

Amy
    $400 30
Tiananmen Square

Amy
    $400 6
"My Way"

Jason
    $400 24
the Jolly Roger

Jason
    $400 12
Jack in the Box

Amy
    $600 4
polite

Jessica
    $600 19
safety glass

Amy
    $600 29
Gorbachev

Jason
    $600 8
Loretta Lynn

Amy
    $600 25
Life of Pi

Jason
    $600 13
Burger King

Jason
    $800 1
starboard

Amy
    $800 16
dialysis

Jessica
    $3,400 22
(Desmond) Tutu

Jason
    $800 9
(Amy: What is Titanic?)
...
(Alex: From Titanic. Yes.)

"My Heart Will Go On"

AmyJessica
    $800 26
Jack London

Triple Stumper
    $800 7
Dairy Queen

Jessica
    $1000 15
a tenant

Jason
    $1000 18
(William Erastus) Upjohn

Jason
    $1000 28
Indonesia

Jason
    $1000 10
Al Jolson

Amy
    $1000 27
the Dawn Treader

Amy
    $1000 14
Sonic

Amy

Scores at the first commercial break (after clue 15):

Jason Amy Jessica
$2,000 $3,800 $2,400

Scores at the end of the Jeopardy! Round:

Jason Amy Jessica
$9,400 $6,200 $3,400

Double Jeopardy! Round responses

GETTING READY FOR THE OLYMPICS
3 LITTLE WORDS
MILITARY MEN?
EELS
"BEN" THERE
DONE THAT
    $400 1
Michael Phelps

Amy
    $400 10
full of grace

Jessica
    $400 22
Colonel Sanders

Jason
    $400 11
the moray

Amy
    $400 12
the Bay of Bengal

Jessica
    $400 21
Romney

Jessica
    $800 2
a kayak

Jason
    $800 8
(Jason: What is dine and dash?)

eat and run

JasonAmy
    $800 23
Sgt. Pepper

Jessica
    $800 30
electric eels

Amy
    $800 13
Bennington

Jessica
    $800 20
Allende

Jason
    $1200 3
golf

Jason
    $6,000 7
read my lips

Jason
    $1200 24
the General Accounting Office

Amy
    $1200 29
an elver

Triple Stumper
    $1200 14
Benelux

Jessica
    $1200 19
Francis Baily

Triple Stumper
    $1600 4
Ipanema

Jason
    $1600 6
(Jason: What is two...)
(Amy: What is a little bit?)

half a loaf

JasonAmy
Triple Stumper
    $5,000 25
(Alex: Amy?)

Captains Courageous

Amy
    $1600 28
barracuda

Triple Stumper
    $1600 15
Benin

Jason
    $1600 17
Nellie Bly

Jason
    $2000 5
head (or president) of the I.O.C.

Jason
    $2000 9
on the fritz

Jessica
    $2000 26
majordomo

Amy
    $2000 27
the conger eel

Triple Stumper
    $2000 16
Ben Nevis

Jason
    $2000 18
(Jessica: Who is Mozart?)

Johannes Brahms

Jessica
Triple Stumper

Scores at the end of the Double Jeopardy! Round:

Jason Amy Jessica
$25,000 $5,200 $7,400
(lock game)

[wagering suggestions for these scores]

Final Jeopardy! Round responses

POLITICAL WORDS
(Alex: What's the Greek word for "people"? That would've set you off in the right direction.)
AmyWhat is a populist?
$5,195
JessicaWhat is a tyrant?
$3,100
JasonWhat is a demagogue?
$10,199
a demagogue

Final scores:

Jason Amy Jessica
$35,199 $5 $4,300
2-day champion: $53,600 3rd place: $1,000 2nd place: $2,000

Game dynamics:

Coryat scores:

Jason Amy Jessica
$17,600 $10,200 $7,400
21 R
(including 2 DDs),
2 W
18 R,
3 W
(including 1 DD)
13 R,
1 W

Combined Coryat: $35,200

[game clues] [game scores] [suggest correction]

Game tape date: 2016-04-25
The J! Archive is created by fans, for fans. Scraping, republication, monetization, and malicious use prohibited; this site may use cookies and collect identifying information. See terms. The Jeopardy! game show and all elements thereof, including but not limited to copyright and trademark thereto, are the property of Jeopardy Productions, Inc. and are protected under law. This website is not affiliated with, sponsored by, or operated by Jeopardy Productions, Inc. Join the discussion at JBoard.tv.